| 000 | 00463nam a22001817a 4500 | ||
|---|---|---|---|
| 003 | NUST - PNEC | ||
| 005 | 20170116180820.0 | ||
| 008 | 150616b xxu||||| |||| 00| 0 eng d | ||
| 020 | _a0713523700 | ||
| 040 | _cLIBRARY | ||
| 082 | _a330.9 REE | ||
| 100 |
_94013 _aReed ,Andrew |
||
| 245 |
_aInequality and development _cAndrew Reed |
||
| 260 |
_aLondon: _bBell & Hyman Limited , _cc1985. |
||
| 300 |
_a96 p. : _c24 cm. |
||
| 650 | _xGeneral | ||
| 942 |
_2ddc _cBK |
||
| 999 |
_c63683 _d63683 |
||